<?xml version="1.0" encoding="UTF-8"?>
<record
    xmlns:xsi="http://www.w3.org/2001/XMLSchema-instance"
    xsi:schemaLocation="http://www.loc.gov/MARC21/slim http://www.loc.gov/standards/marcxml/schema/MARC21slim.xsd"
    xmlns="http://www.loc.gov/MARC21/slim">

  <leader>00906nam a2200205 a 4500</leader>
  <controlfield tag="001">5123</controlfield>
  <controlfield tag="003">CDMR</controlfield>
  <controlfield tag="005">20131107135142.0</controlfield>
  <controlfield tag="008">130130s1977||||||||||||||||||||||||||||d</controlfield>
  <datafield tag="020" ind1=" " ind2=" ">
    <subfield code="a">8470750593</subfield>
  </datafield>
  <datafield tag="040" ind1=" " ind2=" ">
    <subfield code="a">CDMR</subfield>
    <subfield code="b">cat</subfield>
    <subfield code="c">CDMR</subfield>
  </datafield>
  <datafield tag="245" ind1=" " ind2="0">
    <subfield code="a">Lenguaje en periodismo escrito</subfield>
    <subfield code="c">Fernando L&#xE1;zaro Carreter... [et al.]</subfield>
  </datafield>
  <datafield tag="260" ind1=" " ind2=" ">
    <subfield code="a">Madrid</subfield>
    <subfield code="c">1977</subfield>
    <subfield code="b">Fundaci&#xF3;n Juan March</subfield>
  </datafield>
  <datafield tag="300" ind1=" " ind2=" ">
    <subfield code="a">165 p.</subfield>
  </datafield>
  <datafield tag="490" ind1=" " ind2=" ">
    <subfield code="a">Universitaria (Fundaci&#xF3;n Juan March)</subfield>
    <subfield code="v">37</subfield>
  </datafield>
  <datafield tag="500" ind1=" " ind2=" ">
    <subfield code="a">Treballs del seminari Lenguaje en el Periodismo Escrito, organitzat per la Fundaci&#xF3;n Juan March i celebrat durant els dies 30 i 31 de maig de 1977

Autors dels treballs: Fernando L&#xE1;zaro Carreter, Luis Michelena Elissalt, Robert Escarpit, Eugenio de Bustos, V&#xED;ctor de la Serna, Emilio Alarcos Llorach, Juan Luis Cebri&#xE1;n. </subfield>
  </datafield>
  <datafield tag="650" ind1="0" ind2="4">
    <subfield code="9">2326</subfield>
    <subfield code="a">Premsa i llenguatge</subfield>
  </datafield>
  <datafield tag="700" ind1="1" ind2=" ">
    <subfield code="9">1925</subfield>
    <subfield code="a">L&#xE1;zaro Carreter, Fernando</subfield>
  </datafield>
  <datafield tag="942" ind1=" " ind2=" ">
    <subfield code="c">MON</subfield>
    <subfield code="2">udc</subfield>
  </datafield>
  <datafield tag="999" ind1=" " ind2=" ">
    <subfield code="c">5123</subfield>
    <subfield code="d">5123</subfield>
  </datafield>
  <datafield tag="952" ind1=" " ind2=" ">
    <subfield code="0">0</subfield>
    <subfield code="1">0</subfield>
    <subfield code="4">0</subfield>
    <subfield code="7">0</subfield>
    <subfield code="a">CDMR</subfield>
    <subfield code="b">CDMR</subfield>
    <subfield code="d">2013-01-16</subfield>
    <subfield code="l">0</subfield>
    <subfield code="o">Dc 6 /30</subfield>
    <subfield code="p">CDMR13119309</subfield>
    <subfield code="r">2013-01-16</subfield>
    <subfield code="w">2013-01-16</subfield>
    <subfield code="y">MON</subfield>
  </datafield>
</record>
